Algorithms for Communications Systems and their Applications

Na minha lista:
Detalhes bibliográficos
Main Authors: Benvenuto, Nevio (Author), Cherubini, Giovanni (Author)
Formato: Livro
Idioma:inglês
Publicado em: Chichester : John Wiley & Sons, 2002
Assuntos:
Tags: Adicionar Tag
Sem tags, seja o primeiro a adicionar uma tag!

MARC

LEADER 00000nam a22000003a 4500
001 stu78293
005 20190206124419.8
008 021210s2002----uk------------------eng-d
020 |a 0-470-84389-6 
040 |a STU  |b slo 
041 0 |a eng 
044 |a uk 
080 |a 621.391.8 
080 |a 681.324 
080 |a 681.327.8 
080 |a 519.688  |7 stu_us_auth*stu10069 
084 |a B6120  |2 INS 
084 |a B6140  |2 INS 
084 |a C5260  |2 INS  |7 stu_us_auth*stu7144 
100 1 |a Benvenuto, Nevio  |4 aut 
245 1 |a Algorithms for Communications Systems and their Applications 
260 |a Chichester :  |b John Wiley & Sons,  |c 2002 
300 |a 1285 s 
650 7 |a komunikačné systémy  |2 stusub 
650 7 |a teória signálov  |2 stusub 
650 7 |a modulácia  |2 stusub 
650 7 |a algoritmy  |2 stusub 
700 1 |a Cherubini, Giovanni  |4 aut 
996 |b 284EK84765  |c E*84765  |l EE16  |s P  |a 0  |w stu78293_0001